[Event "CS Masters, Horgen SUI"]
[Site "Horgen"]
[Date "1995.??.??"]
[Round "?"]
[White "Lautier, J."]
[Black "Gulko, B."]
[Result "1/2-1/2"]
[WhiteElo "2635"]
[BlackElo "2620"]
[PlyCount "119"]
[EventDate "1995.??.??"]
[Source "www.chesslib.no"]
[SourceDate "2004.05.04"]

1. d4 d6 2. c4 e5 3. Nf3 e4 4. Ng5 Nf6 5. Nc3 Qe7 6. Qc2 Bf5 7. g4 Bg6 8. Bg2 Nc6 9. d5 Ne5 10. Ngxe4 Nxe4 11. Nxe4 Nxg4 12. h3 Bxe4 13. Bxe4 Nf6 14. Bf3 g6 15. h4 h6 16. Be3 Bg7 17. O-O-O O-O 18. h5 g5 19. Bxg5 hxg5 20. h6 Qe5 21. hxg7 Kxg7 22. Qd2 Rh8 23. Rhg1 Kg6 24. Qd3+ Kg7 25. Qd2 Kg6 26. Rg3 Rh4 27. Rdg1 Nh7 28. Kb1 Re8 29. e3 Kh6 30. Be2 Nf6 31. R3g2 Rh2 32. Bd3 Rxg2 33. Rxg2 Kg7 34. Qa5 Rh8 35. a3 g4 36. Qe1 Kf8 37. Ka2 b6 38. Qg1 Rh4 39. Ka1 a5 40. Rg3 Qh5 41. Qe1 Nd7 42. Be2 Ne5 43. Rg2 Rh1 44. Rg1 Rh2 45. Qf1 Qf5 46. Rg2 Rxg2 47. Qxg2 Qc2 48. Qf1 Kg7 49. Ka2 f5 50. Ka1 Kg6 51. Ka2 Kg5 52. Ka1 f4 53. exf4+ Kxf4 54. Qe1 Nxc4 55. Bxc4 Qxc4 56. Qe3+ Kf5 57. Qe6+ Kg5 58. Qe7+ Kf5 59. Qe6+ Kg5 60. Qe7+ 1/2-1/2

[Event "It (cat.17)"]
[Site "?"]
[Date "1994.??.??"]
[Round "?"]
[White "Rivas Pastor Manuel"]
[Black "Karpov Anatoly"]
[Result "1/2-1/2"]
[WhiteElo "2505"]
[BlackElo "2740"]
[PlyCount "78"]
[EventDate "1994.??.??"]
[Source "www.chesslib.no"]
[SourceDate "2004.05.04"]

1. c4 e5 2. Nc3 Nf6 3. e3 d6 4. d4 Nbd7 5. Nf3 g6 6. Be2 Bg7 7. O-O O-O 8. b4 Re8 9. a4 exd4 10. exd4 Nf8 11. Ra3 c6 12. d5 a5 13. bxa5 Rxa5 14. Re1 cxd5 15. cxd5 N8d7 16. Bb5 Rxe1+ 17. Qxe1 Nb6 18. Bg5 Ra8 19. Ne4 Bf5 20. Nxf6+ Bxf6 21. Re3 Bd7 22. Bxd7 Nxd7 23. h4 Kg7 24. Qb4 Bxg5 25. hxg5 Nc5 26. Ra3 Qd7 27. Qf4 Rxa4 28. Rxa4 Nxa4 29. Nh2 Kf8 30. Qd4 Qb5 31. Ng4 Ke8 32. Nh6 Nb6 33. Qh8+ Kd7 34. Nxf7 Qxd5 35. Qd8+ Kc6 36. Qe7 Kc5 37. Qe3+ Kc6 38. Nd8+ Kb5 39. Qe2+ Nc4 1/2-1/2

[Event "MTO Open"]
[Site "?"]
[Date "2005.07.18"]
[Round "1"]
[White "Bocharov Dmitry"]
[Black "Bauer Christian"]
[Result "1-0"]
[WhiteElo "2574"]
[BlackElo "2641"]
[PlyCount "53"]
[EventDate "2005.??.??"]
[Source "www.chesslib.no"]
[SourceDate "2004.05.04"]

1. d4 d6 2. Nf3 Nf6 3. g3 c6 4. Bg2 Nbd7 5. c4 e5 6. Nc3 Be7 7. O-O O-O 8. Qc2 Qc7 9. Bd2 Re8 10. Rfd1 a6 11. Rac1 Rb8 12. b4 exd4 13. Nxd4 c5 14. bxc5 Qxc5 15. Nf5 Bf8 16. Na4 Qa3 17. Bf4 b5 18. cxb5 axb5 19. Nc3 Rb6 20. Nxd6 Bxd6 21. Rxd6 Ba6 22. Rxb6 Nxb6 23. e4 Rc8 24. Qb3 Qa5 25. e5 b4 26. exf6 bxc3 27. Be3 1-0

[Event "SUI-chT SMM"]
[Site "SUI"]
[Date "2003.09.06"]
[Round "6.1"]
[White "Dautov, Rustem"]
[Black "Hickl, Joerg"]
[Result "1/2-1/2"]
[WhiteElo "2608"]
[BlackElo "2589"]
[PlyCount "43"]
[EventDate "2003.??.??"]
[Source "Roberto Alvarez"]
[SourceDate "2003.10.13"]

1. d4 d6 2. Nf3 Nf6 3. c4 Nbd7 4. Nc3 e5 5. Bg5 Be7 6. e3 Ng8 7. Bxe7 Nxe7 8. Qc2 Nc6 9. O-O-O O-O 10. Bd3 g6 11. a3 f5 12. Be2 e4 13. Nd2 Nf6 14. h3 Ne7 15. Rhg1 c6 16. g4 d5 17. g5 Ne8 18. f4 exf3 19. Bxf3 Be6 20. Ne2 dxc4 21. Nxc4 Bd5 22. Rgf1 1/2-1/2

[Event "ECC, Panormo GRE"]
[Site "?"]
[Date "2001.??.??"]
[Round "5"]
[White "Portisch, L."]
[Black "Hickl, J."]
[Result "1/2-1/2"]
[WhiteElo "2590"]
[BlackElo "2600"]
[PlyCount "93"]
[EventDate "2001.??.??"]
[Source "www.chesslib.no"]
[SourceDate "2004.05.04"]

1. d4 d6 2. c4 e5 3. Nf3 e4 4. Ng5 Nf6 5. Nc3 Bf5 6. g4 Bxg4 7. Ngxe4 Nxe4 8. Nxe4 Be7 9. Rg1 Bf5 10. Ng3 Bg6 11. e4 Bh4 12. Qe2 O-O 13. Be3 Qe7 14. Bh3 Na6 15. Kf1 Rae8 16. Re1 Bxg3 17. Rxg3 Qxe4 18. Bg2 Qe7 19. Qg4 c5 20. a3 cxd4 21. Qxd4 Nc5 22. Bd2 Ne6 23. Qc3 Qd7 24. h4 Kh8 25. Bd5 Rg8 26. Bh6 Nc7 27. Rxe8 Nxe8 28. Bg5 Rf8 29. Qf3 f6 30. Be3 Nc7 31. Bxb7 Bd3+ 32. Kg1 Bxc4 33. Bc6 Qf7 34. Be4 Bd5 35. Bxd5 Nxd5 36. Bd4 h6 37. Qf5 Re8 38. Kh2 Qb7 39. Rg1 Qc6 40. Qg4 Re7 41. b4 Kg8 42. Qf3 Qc4 43. Rd1 Kh8 44. Qd3 Qc8 45. Qh3 Qc2 46. Qd3 Qc8 47. Qh3 1/2-1/2

[Event "EUCup 18th"]
[Site "?"]
[Date "2002.09.25"]
[Round "4"]
[White "Borovikov Vladislav"]
[Black "Hickl Joerg"]
[Result "1-0"]
[WhiteElo "2570"]
[BlackElo "2602"]
[PlyCount "59"]
[EventDate "2002.??.??"]
[Source "www.chesslib.no"]
[SourceDate "2004.05.04"]

1. d4 d6 2. Nf3 Nf6 3. c4 Nbd7 4. Nc3 e5 5. Bg5 Be7 6. e3 Ng8 7. Bxe7 Nxe7 8. Qc2 O-O 9. dxe5 Nxe5 10. Nxe5 dxe5 11. Rd1 Qe8 12. Be2 Be6 13. O-O Rd8 14. Qb3 Qc6 15. Qa3 Ng6 16. Bf3 Qxc4 17. Bxb7 c6 18. Qa5 Rxd1 19. Rxd1 c5 20. Qxa7 Qb4 21. Rb1 Bf5 22. a3 Qg4 23. Bf3 Qc4 24. Be2 Qb3 25. e4 Be6 26. Qxc5 Rb8 27. Bf1 h5 28. a4 Qc2 29. a5 Ba2 30. Ra1 1-0

[Event "Bundesliga 2003-4"]
[Site "St Ingbert"]
[Date "2004.02.15"]
[Round "9"]
[White "Van Wely, Loek"]
[Black "Hickl, Joerg"]
[Result "1-0"]
[WhiteElo "2617"]
[BlackElo "2554"]
[PlyCount "57"]
[EventDate "2004.01.01"]
[Source "Roberto Alvarez"]
[SourceDate "2004.02.16"]

1. d4 d6 2. Nf3 Nf6 3. c4 Nbd7 4. Nc3 e5 5. g3 c6 6. Bg2 Be7 7. O-O O-O 8. Qc2 Re8 9. h3 Bf8 10. e4 Qc7 11. Be3 b6 12. Rac1 Bb7 13. Rfd1 a6 14. b4 exd4 15. Nxd4 Rac8 16. Nf5 Qb8 17. Bf4 Re6 18. g4 Ne5 19. Na4 c5 20. bxc5 dxc5 21. Bh2 Qa7 22. g5 Ne8 23. Qb2 Nxc4 24. Rxc4 b5 25. Rd7 Qa8 26. Bg3 Bxe4 27. Rxe4 Rxe4 28. Nc3 Qc6 29. Ne7+ 1-0

[Event "Chess Classics Open"]
[Site "Frankfurt GER"]
[Date "1996.??.??"]
[Round "?"]
[White "Lobron, Eric"]
[Black "Hickl, Joerg"]
[Result "1-0"]
[WhiteElo "2590"]
[BlackElo "2580"]
[PlyCount "67"]
[EventDate "1996.??.??"]
[Source "www.chesslib.no"]
[SourceDate "2004.05.04"]

1. d4 d6 2. Nf3 Nf6 3. c4 Nbd7 4. Nc3 c6 5. g3 e5 6. Bg2 e4 7. Ng5 d5 8. cxd5 cxd5 9. Qb3 Nb6 10. O-O Be7 11. a4 a5 12. Bf4 O-O 13. Nb5 Ne8 14. Nh3 Nc4 15. f3 exf3 16. exf3 Be6 17. Rfe1 g5 18. Bc1 h6 19. Nf2 Ned6 20. Ng4 Nf5 21. Qd3 Rc8 22. Nxh6+ Nxh6 23. Rxe6 Rc6 24. Re2 Qd7 25. b3 Nb6 26. Bd2 Ra8 27. Rae1 Bf6 28. g4 Kg7 29. h3 Nc8 30. f4 gxf4 31. Bxf4 Bh4 32. Rf1 f6 33. Bxh6+ Kxh6 34. Rf5 1-0

[Event "Leon"]
[Site "?"]
[Date "1995.??.??"]
[Round "?"]
[White "Rivas Pastor, M."]
[Black "Adams, Mi"]
[Result "0-1"]
[WhiteElo "2515"]
[BlackElo "2655"]
[PlyCount "88"]
[EventDate "1995.??.??"]
[Source "ChessBase"]
[SourceDate "1995.02.01"]

1. c4 e5 2. Nc3 Nf6 3. e3 d6 4. d4 Nbd7 5. Nf3 g6 6. Be2 Bg7 7. O-O O-O 8. b4 Re8 9. a4 a5 10. bxa5 Rxa5 11. Nd2 Ra8 12. Nb3 exd4 13. exd4 Ne4 14. Nxe4 Rxe4 15. Bf3 Re8 16. a5 Nf8 17. Be3 Ne6 18. Re1 h6 19. g3 Ng5 20. Bxg5 Rxe1+ 21. Qxe1 hxg5 22. Ra2 c6 23. Re2 Bd7 24. Qb4 Qc7 25. c5 d5 26. Qd2 g4 27. Bg2 Bf5 28. Qd1 Qd7 29. Qd2 Bf6 30. Re1 Kg7 31. Re2 Rh8 32. f4 Bb1 33. Re3 Qf5 34. Bf1 g5 35. Bd3 Bxd3 36. Qxd3 Qxd3 37. Rxd3 gxf4 38. gxf4 Kg6 39. a6 bxa6 40. Na5 Rc8 41. Kf2 Kf5 42. Ke3 Bd8 43. Nb7 Bc7 44. Ra3 Bxf4+ 0-1

[Event "Titograd"]
[Site "Titograd"]
[Date "1984.??.??"]
[Round "?"]
[White "Korchnoi, Viktor L"]
[Black "Ivanovic, Bozidar"]
[Result "0-1"]
[WhiteElo "2635"]
[BlackElo "2525"]
[PlyCount "76"]
[EventDate "1984.12.??"]
[Source "www.chesslib.no"]
[SourceDate "2004.05.04"]

1. Nf3 Nf6 2. g3 d6 3. d4 Nbd7 4. Bg2 e5 5. O-O Be7 6. c4 O-O 7. Nc3 c6 8. Qc2 Qc7 9. b3 Re8 10. e3 Nf8 11. Bb2 Ng6 12. h3 Bd7 13. Rac1 Rad8 14. Qb1 Qa5 15. Rfd1 exd4 16. Rxd4 Bf5 17. Qa1 Bf8 18. Ne1 Bc8 19. Ne2 d5 20. cxd5 Nxd5 21. Nc2 Qb5 22. Re1 Nc7 23. Nc3 Qa5 24. h4 Qf5 25. e4 Qg4 26. a3 a5 27. b4 Qh5 28. Qd1 Bg4 29. f3 Rxd4 30. Nxd4 Bc8 31. bxa5 Rd8 32. Nce2 Qxa5 33. Qc1 Ne5 34. Rd1 Qa6 35. Nf4 Qa7 36. Qd2 Nc4 37. Qc2 Nxb2 38. Qxb2 Bc5 0-1

[Event "22nd Open"]
[Site "Andorra la Vella"]
[Date "2004.07.08"]
[Round "6"]
[White "Khenkin, Igor"]
[Black "Damljanovic, Branko"]
[Result "1-0"]
[WhiteElo "2573"]
[BlackElo "2583"]
[PlyCount "79"]
[EventDate "2004.07.03"]
[Source "Roberto Alvarez"]
[SourceDate "2004.07.12"]

1. d4 Nf6 2. c4 d6 3. Nc3 Nbd7 4. Nf3 e5 5. g3 c6 6. Bg2 Be7 7. O-O O-O 8. Qc2 a6 9. Rd1 Qc7 10. b4 Re8 11. Bb2 Bf8 12. Rac1 e4 13. Nd2 d5 14. cxd5 cxd5 15. Nxd5 Qxc2 16. Nxf6+ Nxf6 17. Rxc2 Bxb4 18. d5 Bf5 19. Bxf6 e3 20. Ne4 Bxe4 21. Bxe4 exf2+ 22. Kxf2 gxf6 23. Bf5 Re5 24. Bc8 b6 25. Rc6 Bc5+ 26. Kf1 Re8 27. Bf5 Rad8 28. d6 Re5 29. e4 Kf8 30. Ke2 h6 31. Kf3 a5 32. a4 Ke8 33. Kg4 Kf8 34. Kf3 Ke8 35. h4 Kf8 36. Rd2 Bg1 37. d7 Rc5 38. Rc8 Ke7 39. Rd1 Rc3+ 40. Rxc3 1-0

[Event "Open Mediterranean 2013"]
[Site "Fiume CRO"]
[Date "2007.11.30"]
[Round "7.3"]
[White "Chatalbashev, Boris"]
[Black "Jovanovic, Zoran"]
[Result "1-0"]
[WhiteElo "2581"]
[BlackElo "2549"]
[PlyCount "133"]
[EventDate "2007.11.25"]
[Source "www.chesslib.no"]
[SourceDate "2004.05.04"]

1. d4 d6 2. c4 e5 3. Nc3 Nf6 4. Nf3 e4 5. Ng5 Qe7 6. g3 h6 7. Nh3 g6 8. Bg2 Bg7 9. O-O O-O 10. Nf4 c6 11. f3 g5 12. fxe4 gxf4 13. gxf4 Kh8 14. f5 Rg8 15. Bf4 Nh5 16. Be3 Bf6 17. Bxh6 Bg5 18. e3 Bxh6 19. Qxh5 Qg5 20. Qxg5 Bxg5 21. Rf3 Nd7 22. Raf1 f6 23. Ne2 Kg7 24. Nf4 Kf7 25. Rg3 Bxf4 26. exf4 Rh8 27. Bf3 Nb6 28. b3 Bd7 29. c5 Nc8 30. e5 Bxf5 31. exd6 Nxd6 32. cxd6 Rad8 33. d5 c5 34. Rc1 b6 35. b4 cxb4 36. Rc7+ Rd7 37. h4 Rxc7 38. dxc7 Ke7 39. Bg4 Bxg4 40. Rxg4 Kd6 41. Rg7 a5 42. Kf2 a4 43. Ke3 b3 44. axb3 a3 45. Ke4 a2 46. Rg1 Kxc7 47. Ra1 Re8+ 48. Kf5 Re2 49. h5 Kd6 50. h6 Rh2 51. Kg6 Rg2+ 52. Kxf6 Rh2 53. Kg6 Rg2+ 54. Kf5 Rh2 55. h7 Rxh7 56. Rxa2 Rh3 57. Rd2 Rxb3 58. Kf6 Rb1 59. f5 b5 60. Kf7 b4 61. f6 Kd7 62. Kf8 b3 63. f7 Rg1 64. Re2 Rg3 65. Re7+ Kd6 66. Ke8 Rf3 67. Rd7+ 1-0

[Event "Clare Benedict Cup"]
[Site "Copenhagen DEN"]
[Date "1977.??.??"]
[Round "4.4"]
[White "Keene, Raymond D"]
[Black "Larsen, Bent"]
[Result "1/2-1/2"]
[WhiteElo "2510"]
[BlackElo "2615"]
[PlyCount "81"]
[EventDate "1977.??.??"]
[Source "www.chesslib.no"]
[SourceDate "2004.05.04"]

1. c4 d6 2. d4 e5 3. Nf3 Nc6 4. Nc3 Nf6 5. g3 exd4 6. Nxd4 Bd7 7. Bg2 g6 8. b3 Bg7 9. Bb2 O-O 10. O-O Re8 11. e3 Nxd4 12. exd4 Qc8 13. d5 Bh3 14. Qd3 Bxg2 15. Kxg2 Ne4 16. Rae1 Nc5 17. Qc2 Qf5 18. Qxf5 gxf5 19. Ba1 a6 20. Re2 h5 21. Rfe1 Rxe2 22. Nxe2 Re8 23. Kf1 Nd3 24. Rd1 Bxa1 25. Rxd3 Kg7 26. h4 Be5 27. Rf3 Kf6 28. Ke1 b5 29. Kd2 Rb8 30. Kd3 a5 31. a3 Rb6 32. Nd4 bxc4+ 33. Kxc4 f4 34. gxf4 Bxd4 35. Kxd4 Kf5 36. Kc4 f6 37. Rg3 Kxf4 38. Rg6 f5 39. Rg5 c6 40. dxc6 Rxc6+ 41. Kd3 1/2-1/2

[Event "Chigorin mem"]
[Site "St Petersburg"]
[Date "1999.11.10"]
[Round "9"]
[White "Dvoirys, Semen I"]
[Black "Malaniuk, Vladimir P"]
[Result "1-0"]
[WhiteElo "2590"]
[BlackElo "2525"]
[PlyCount "90"]
[EventDate "1999.11.02"]
[Source "ChessBase"]
[SourceDate "2000.02.01"]

1. Nf3 Nf6 2. c4 d6 3. d4 Nbd7 4. g3 e5 5. Bg2 Be7 6. O-O O-O 7. Nc3 c6 8. Qc2 Re8 9. b3 Bf8 10. e4 a6 11. Rd1 Qc7 12. Bb2 b6 13. Rac1 Bb7 14. Qd2 Rad8 15. Re1 Qb8 16. a4 b5 17. axb5 axb5 18. cxb5 cxb5 19. Ba3 Ba8 20. Bb4 exd4 21. Nxd4 Nc5 22. Qc2 Rc8 23. Qb1 Qb6 24. Nd5 Bxd5 25. exd5 Na6 26. Rxe8 Rxe8 27. Bc3 Nc7 28. Nc6 Ncxd5 29. Bd4 Qa6 30. Qf5 Ne7 31. Nxe7+ Bxe7 32. Bf1 d5 33. Rc7 Bd8 34. Rc8 Rf8 35. Rb8 g6 36. Qe5 Kg7 37. Rxb5 Qe6 38. Rxd5 Qxe5 39. Bxe5 Be7 40. Rb5 Re8 41. Kg2 Kf8 42. Kf3 Nd7 43. Bd4 Rb8 44. Rxb8+ Nxb8 45. Bb5 Bd6 1-0

[Event "Bad Lauterberg"]
[Site "Bad Lauterberg"]
[Date "1977.??.??"]
[Round "3"]
[White "Miles, Anthony J"]
[Black "Olafsson, Fridrik"]
[Result "1/2-1/2"]
[WhiteElo "2555"]
[BlackElo "2560"]
[PlyCount "31"]
[EventDate "1977.03.??"]
[Source "www.chesslib.no"]
[SourceDate "2004.05.04"]

1. c4 Nf6 2. Nc3 e5 3. Nf3 d6 4. d4 Nbd7 5. e3 g6 6. b3 c6 7. Be2 Be7 8. Bb2 O-O 9. c5 e4 10. cxd6 Bxd6 11. Nd2 Re8 12. Qc2 Nb6 13. Nc4 Nxc4 14. bxc4 Qa5 15. c5 Bf8 16. O-O 1/2-1/2

[Event "CRO-chT"]
[Site "Pula"]
[Date "1999.09.09"]
[Round "1"]
[White "Shariyazdanov, A."]
[Black "Dizdarevic, E."]
[Result "1/2-1/2"]
[WhiteElo "2588"]
[BlackElo "2527"]
[PlyCount "23"]
[EventDate "1999.09.05"]
[Source "www.chesslib.no"]
[SourceDate "2004.05.04"]

1. c4 Nf6 2. Nc3 d6 3. d4 e5 4. Nf3 e4 5. Ng5 Qe7 6. Qc2 Bf5 7. g4 Bg6 8. Bg2 Nc6 9. Ngxe4 Nxe4 10. Bxe4 Nxd4 11. Qa4+ Qd7 12. Qxd7+ 1/2-1/2

[Event "New York op"]
[Site "New York"]
[Date "1996.??.??"]
[Round "7"]
[White "Chernin, Alexander"]
[Black "Blatny, Pavel"]
[Result "1-0"]
[WhiteElo "2595"]
[BlackElo "2515"]
[PlyCount "81"]
[EventDate "1996.04.??"]
[Source "www.chesslib.no"]
[SourceDate "2004.05.04"]

1. c4 Nf6 2. Nc3 d6 3. d4 e5 4. Nf3 Nc6 5. d5 Ne7 6. e4 Ng6 7. g3 Be7 8. Bg2 O-O 9. Nd2 Nd7 10. Nf1 Bg5 11. Bxg5 Qxg5 12. h4 Qd8 13. Ne3 Ne7 14. Qc2 a5 15. f4 exf4 16. gxf4 f5 17. O-O-O fxe4 18. Nxe4 Nc5 19. Nxc5 dxc5 20. Be4 Ra6 21. Bxh7+ Kh8 22. h5 Rh6 23. Bd3 Rxf4 24. Rde1 Qf8 25. Qd2 b6 26. Nd1 Ng8 27. Nc3 Rf2 28. Qg5 Bf5 29. Be4 Rf6 30. Qg3 Bd7 31. Qxc7 Rd6 32. Bg6 Qf4+ 33. Kb1 Qd2 34. Nd1 Rff6 35. Bc2 b5 36. Ref1 Bg4 37. Nc3 Bf3 38. Rxf3 Rxf3 39. Qxd6 Rf6 40. Qg3 b4 41. Ne4 1-0

[Event "Reykjavik Olafsson"]
[Site "Reykjavik"]
[Date "1995.??.??"]
[Round "2"]
[White "Arnason, Jon L"]
[Black "Petursson, Margeir"]
[Result "1/2-1/2"]
[WhiteElo "2545"]
[BlackElo "2565"]
[PlyCount "31"]
[EventDate "1995.09.??"]
[Source "ChessBase"]

1. c4 Nf6 2. Nc3 e5 3. Nf3 d6 4. d4 Nbd7 5. g3 Be7 6. Bg2 O-O 7. h3 c6 8. e4 a6 9. a4 Re8 10. O-O a5 11. b3 Bf8 12. Rb1 g6 13. Re1 Qc7 14. Bg5 Bg7 15. Qd2 exd4 16. Nxd4 1/2-1/2

[Event "SUI-chT"]
[Site "SUI"]
[Date "1996.??.??"]
[Round "5"]
[White "Christiansen, Larry Mark"]
[Black "Hort, Vlastimil"]
[Result "1/2-1/2"]
[WhiteElo "2555"]
[BlackElo "2545"]
[PlyCount "62"]
[EventDate "1996.??.??"]
[Source "ChessBase"]

1. c4 Nf6 2. Nc3 e5 3. Nf3 d6 4. d4 Nbd7 5. Bg5 Be7 6. Qc2 c6 7. O-O-O Qa5 8. e3 O-O 9. h4 Re8 10. Bd3 exd4 11. exd4 Nf8 12. Rde1 Be6 13. Bd2 Qd8 14. Ng5 d5 15. c5 b6 16. Ne2 Ne4 17. Nf4 Bxg5 18. hxg5 g6 19. Bxe4 dxe4 20. Re3 Qxd4 21. a3 Qc4 22. Qxc4 Bxc4 23. Bc3 bxc5 24. Bf6 Bd5 25. Rh4 Rab8 26. g4 a5 27. Rh1 a4 28. Rd1 Bb3 29. Rd6 Rb7 30. Ne2 Rd7 31. Rxd7 Nxd7 1/2-1/2

[Event "TCh-RUS, Tomsk RUS"]
[Site "?"]
[Date "2001.??.??"]
[Round "4"]
[White "Filippov, V."]
[Black "Semeniuk, Al"]
[Result "1-0"]
[WhiteElo "2630"]
[BlackElo "2470"]
[PlyCount "71"]
[EventDate "2001.??.??"]
[Source "www.chesslib.no"]
[SourceDate "2004.05.04"]

1. Nf3 Nf6 2. c4 d6 3. d4 Nbd7 4. Nc3 e5 5. g3 Be7 6. Bg2 O-O 7. O-O c6 8. Qc2 Re8 9. Rd1 Bf8 10. e4 Qc7 11. Be3 a6 12. Rac1 Ng4 13. Bd2 exd4 14. Nxd4 Nc5 15. b3 Qe7 16. h3 Ne5 17. Be3 g6 18. f4 Ned7 19. Re1 Nf6 20. Bf2 a5 21. Rcd1 Qc7 22. a3 Be6 23. b4 axb4 24. axb4 Ncd7 25. Qb3 Nb6 26. Nxe6 Rxe6 27. c5 dxc5 28. bxc5 Nbd7 29. Qc4 b5 30. cxb6 Nxb6 31. Qb3 Nfd7 32. e5 Ra3 33. Qc2 Nc5 34. Ne2 Qa7 35. Bxc5 Ra2 36. Qc1 1-0

[Event "TCh-ROM, Sovata ROM"]
[Site "?"]
[Date "2001.??.??"]
[Round "5"]
[White "Istratescu, A."]
[Black "Golubev, M."]
[Result "1-0"]
[WhiteElo "2580"]
[BlackElo "2520"]
[PlyCount "67"]
[EventDate "2001.??.??"]
[Source "www.chesslib.no"]
[SourceDate "2004.05.04"]

1. c4 e5 2. Nc3 Nf6 3. Nf3 d6 4. d4 Nbd7 5. Bg5 Be7 6. e3 O-O 7. Qc2 h6 8. Bh4 Nh5 9. Bxe7 Qxe7 10. O-O-O Nhf6 11. Rg1 Nb6 12. h3 exd4 13. exd4 Nh5 14. Qd2 Qf6 15. c5 dxc5 16. dxc5 Nd7 17. Nd5 Qd8 18. g4 Nhf6 19. g5 Nxd5 20. Qxd5 hxg5 21. Rxg5 Qf6 22. Bd3 Qf4+ 23. Kc2 Nf6 24. Rdg1 Bg4 25. Qe5 Qxe5 26. Nxe5 Be6 27. c6 Kh8 28. cxb7 Rab8 29. Ba6 Bd5 30. Rxg7 c5 31. h4 Rbe8 32. R7g5 Re7 33. Ng4 Bxb7 34. Nxf6 1-0

[Event "ch-UKR, Ordzhonikidze UKR"]
[Site "?"]
[Date "2001.??.??"]
[Round "5"]
[White "Romanishin, O."]
[Black "Malaniuk, V."]
[Result "1/2-1/2"]
[WhiteElo "2575"]
[BlackElo "2515"]
[PlyCount "43"]
[EventDate "2001.??.??"]
[Source "www.chesslib.no"]
[SourceDate "2004.05.04"]

1. d4 Nf6 2. Nf3 c6 3. c4 d6 4. g3 Nbd7 5. Bg2 e5 6. Nc3 Be7 7. O-O O-O 8. Qc2 Re8 9. Bd2 Bf8 10. Rac1 a6 11. b3 h6 12. h3 e4 13. Nh2 Qe7 14. Rfd1 b5 15. Nf1 Nb6 16. c5 dxc5 17. dxc5 Nbd5 18. Ne3 Nxe3 19. Bxe3 Bf5 20. b4 a5 21. a3 Qe6 22. g4 1/2-1/2

[Event "Las Palmas op CI"]
[Site "?"]
[Date "1996.??.??"]
[Round "7"]
[White "Gulko, Boris"]
[Black "Ivanov, Mikhail"]
[Result "1-0"]
[WhiteElo "2615"]
[BlackElo "2465"]
[PlyCount "63"]
[EventDate "1996.??.??"]
[Source "www.chesslib.no"]
[SourceDate "2004.05.04"]

1. d4 d6 2. c4 e5 3. Nf3 e4 4. Ng5 Nf6 5. Nc3 Bf5 6. f3 exf3 7. gxf3 h6 8. Nh3 d5 9. cxd5 c6 10. e4 Bxh3 11. Bxh3 Nxd5 12. O-O Nb6 13. Be3 Qh4 14. Bg2 Nc4 15. Bf2 Qh5 16. Qe2 Nb6 17. Rad1 Be7 18. d5 O-O 19. d6 Bh4 20. Bxh4 Qxh4 21. f4 N8d7 22. e5 Rfe8 23. Rd3 Nf8 24. Rh3 Qd8 25. Rg3 Nbd7 26. Qh5 Re6 27. Be4 Nc5 28. Bf5 Qb6 29. Kh1 Rg6 30. Bxg6 fxg6 31. Rxg6 Nxg6 32. Qxg6 1-0

[Event "MK Cafe Cup-A"]
[Site "Koszalin"]
[Date "1999.08.13"]
[Round "10"]
[White "Pigusov, Evgeny"]
[Black "Prokopchuk, Evgeny"]
[Result "1/2-1/2"]
[WhiteElo "2609"]
[BlackElo "2470"]
[PlyCount "83"]
[EventDate "1999.08.03"]
[Source "ChessBase"]
[SourceDate "1999.12.01"]

1. c4 e5 2. Nc3 Nf6 3. Nf3 d6 4. g3 c6 5. Bg2 Nbd7 6. O-O Be7 7. d4 O-O 8. Qc2 Re8 9. Rd1 Qc7 10. Bd2 Bf8 11. Rac1 a6 12. h3 g6 13. e4 b5 14. cxb5 cxb5 15. Qb1 Qb8 16. Be3 Nb6 17. b3 b4 18. Ne2 Bd7 19. Nd2 Bb5 20. Nc4 Nfd7 21. Rd2 a5 22. Nxb6 Nxb6 23. g4 Be7 24. Ng3 Bh4 25. Bf1 Bxf1 26. Nxf1 exd4 27. Rxd4 Nd7 28. Rcd1 Nc5 29. f3 Ra6 30. Rd5 Ne6 31. Qb2 Bd8 32. Kg2 Rc6 33. Nd2 Bb6 34. Bh6 Qd8 35. Nc4 Qh4 36. Qd2 Bf2 37. Bf4 Be1 38. Qe3 Nxf4+ 39. Qxf4 Qf2+ 40. Kh1 Qf1+ 41. Kh2 Qf2+ 42. Kh1 1/2-1/2

[Event "AUT-chT2O 9798"]
[Site "Austria"]
[Date "1998.??.18"]
[Round "9"]
[White "Haba, Petr"]
[Black "Lau, Ralf"]
[Result "1-0"]
[WhiteElo "2580"]
[BlackElo "2495"]
[PlyCount "117"]
[EventDate "1997.??.??"]
[Source "www.chesslib.no"]
[SourceDate "2004.05.04"]

1. d4 d6 2. c4 e5 3. Nf3 e4 4. Ng5 Nf6 5. Nc3 Qe7 6. Qc2 Bf5 7. g4 Bxg4 8. Ngxe4 Nbd7 9. Bg2 c6 10. Bf4 Nxe4 11. Nxe4 Bf5 12. Nxd6+ Qxd6 13. Qxf5 Qxd4 14. O-O g6 15. Rad1 Qxf2+ 16. Kxf2 gxf5 17. Bh3 Bg7 18. Bxf5 Ne5 19. b3 a5 20. Rg1 Bf6 21. a4 Ng6 22. Be3 Ne5 23. Rd6 Bh4+ 24. Kf1 Rd8 25. Rxd8+ Bxd8 26. Bd4 Bc7 27. Rg5 Ke7 28. Bh3 f6 29. Rg7+ Kd8 30. Bc5 h5 31. Bf5 Re8 32. h3 b6 33. Bf2 Re7 34. Rg8+ Re8 35. Rg3 c5 36. Re3 Ke7 37. Rg3 Kf7 38. Be4 Rh8 39. Bd5+ Kf8 40. Rg1 h4 41. Ke1 Bd8 42. Kd2 Nf7 43. Bxf7 Kxf7 44. Ke3 Re8+ 45. Kf3 f5 46. Rd1 Ke6 47. Be3 Be7 48. Bf4 Rg8 49. Bc7 Rc8 50. Bxb6 Rb8 51. Bxa5 Rxb3+ 52. Rd3 Rb1 53. Bc7 Rb7 54. Bf4 Rb4 55. Ra3 Rxc4 56. a5 Rd4 57. a6 Rd8 58. Re3+ Kf6 59. Rxe7 1-0

[Event "RUS-Cup01 Chigorin mem"]
[Site "St Petersburg"]
[Date "1997.11.07"]
[Round "7"]
[White "Yurtaev, Leonid"]
[Black "Kuzmin, Gennadi P"]
[Result "1/2-1/2"]
[WhiteElo "2520"]
[BlackElo "2555"]
[PlyCount "59"]
[EventDate "1997.11.01"]
[Source "www.chesslib.no"]
[SourceDate "2004.05.04"]

1. d4 Nf6 2. c4 d6 3. Nc3 Nbd7 4. Nf3 e5 5. g3 Be7 6. Bg2 O-O 7. O-O c6 8. Qc2 a6 9. Rd1 Qc7 10. Rb1 Re8 11. b4 Nf8 12. Bb2 Bg4 13. h3 Bh5 14. e4 Ne6 15. Ne2 exd4 16. g4 Bg6 17. Nfxd4 Nxd4 18. Bxd4 Bd8 19. Ng3 h5 20. gxh5 Nxh5 21. Nxh5 Bxh5 22. Rd3 Bh4 23. Qc3 f6 24. Be3 Bg6 25. Qd4 f5 26. Qxd6 Qf7 27. Qf4 fxe4 28. Qxf7+ Bxf7 29. Rc3 Rad8 30. Rc2 1/2-1/2

[Event "Boeblingen op"]
[Site "Boeblingen"]
[Date "1996.??.??"]
[Round "?"]
[White "Bischoff, Klaus"]
[Black "Ikonnikov, Vyacheslav"]
[Result "1/2-1/2"]
[WhiteElo "2530"]
[BlackElo "2540"]
[PlyCount "31"]
[EventDate "1996.12.??"]
[Source "www.chesslib.no"]
[SourceDate "2004.05.04"]

1. c4 e5 2. Nc3 Nf6 3. Nf3 d6 4. d4 Nbd7 5. Bg5 Be7 6. e3 c6 7. Qc2 Nh5 8. Bxe7 Qxe7 9. Be2 Nhf6 10. O-O O-O 11. Rfd1 Re8 12. b4 Nf8 13. dxe5 dxe5 14. c5 a5 15. a3 Bg4 16. Nd2 1/2-1/2

[Event "EuTCh, Leon ESP"]
[Site "?"]
[Date "2001.??.??"]
[Round "8"]
[White "Bischoff, K."]
[Black "Vokac, M."]
[Result "1-0"]
[WhiteElo "2540"]
[BlackElo "2525"]
[PlyCount "99"]
[EventDate "2001.??.??"]
[Source "www.chesslib.no"]
[SourceDate "2004.05.04"]

1. d4 d6 2. c4 e5 3. Nf3 e4 4. Ng5 Nf6 5. Nc3 Bf5 6. g4 Bxg4 7. Bg2 Nc6 8. Ngxe4 Nxe4 9. Nxe4 Be7 10. Ng3 Bf6 11. h3 Bd7 12. e3 g6 13. Bd2 Qe7 14. O-O Bg7 15. b4 O-O 16. b5 Nd8 17. Kh2 a6 18. a4 axb5 19. axb5 Rxa1 20. Qxa1 c5 21. bxc6 Bxc6 22. Qa5 f5 23. d5 Be8 24. f4 g5 25. Bc3 Bxc3 26. Qxc3 Bg6 27. Rb1 Nf7 28. Rb3 Re8 29. Qb2 gxf4 30. exf4 Nd8 31. Qf2 Nf7 32. Qb2 Nd8 33. Qf2 Nf7 34. Kg1 Rc8 35. Bf1 Rc7 36. Re3 Qf6 37. Re6 Qa1 38. Re1 Qf6 39. Re6 Qa1 40. Re1 Qf6 41. Re8+ Kg7 42. Re6 Qa1 43. Kh2 Kf8 44. Qb6 Rd7 45. Be2 Qa3 46. h4 Nd8 47. Qd4 Nxe6 48. dxe6 Rg7 49. Qf6+ Bf7 50. Nxf5 1-0